| 000 | 00689cam a2200241 a 4500 | ||
|---|---|---|---|
| 001 | 000003975 | ||
| 003 | DO-SdBNP | ||
| 005 | 20220927092429.0 | ||
| 007 | ta | ||
| 008 | 930512s1993 xxub 000 1 eng | ||
| 020 | _a1878067346 | ||
| 040 |
_aDO-SdBNP _cBNPHU _bspa |
||
| 082 | 4 |
_a813.54 _bW746t _222 |
|
| 100 | 1 |
_aWilson, Barbara, _d1950- _911930 |
|
| 245 | 1 | 0 |
_aTrouble in Transylvania : _ba cassandra reilly mystery./ _cBarbara Wilson. |
| 260 |
_aSeattle : _bSeal Press, _c1993. |
||
| 300 |
_a277 p. : _bmaps ; _c22 cm. |
||
| 590 | _aInventariado, 2022 / DG | ||
| 650 | 4 |
_aNovela estadounidense _9262 |
|
| 650 | 4 |
_aLiteratura estadounidense _9263 |
|
| 910 | _aDG | ||
| 942 |
_2ddc _cLBS1 |
||
| 999 |
_c3794 _d3794 |
||